00543nam a2200145Ia 4500008004100000050002200041100002600063245006300089250001100152260002800163300002600191650004800217952011500265999001700380120721s9999 xx 000 0 und d aHF5686.C7 B3 2000 aBaz Gonzalez, Gustavo aCurso de contabilidad de sociedades / Gustavo Baz Gonzalez a31a ed aMéxico : Offset, 2000 a533 p. : il. ; 23 cm. a1. Sociedades mercantiles - ContabilidadÌ 00104070a08b08d2008-12-17l14m3oHF5686.C7 B3 2000p08 001114r2017-02-17s2017-02-16t1w2012-07-20yLB c81690d81690